[Event "11th LCC GCT Finals 2019"]
[Site "London"]
[Date "2019.12.02"]
[Round "1.1"]
[White "Carlsen, Magnus"]
[Black "Vachier-Lagrave, Maxime"]
[Result "1/2-1/2"]
[WhiteElo "2870"]
[BlackElo "2777"]
[Annotator "TA"]
[PlyCount "63"]
[EventDate "2019.12.02"]
[EventType "k.o."]
[EventCountry "ENG"]
[SourceTitle "playchess.com"]
[Source "ChessBase"]
[SourceQuality "1"]

{[%evp 12,63,25,0,0,0,0,0,0,0,0,0,8,0,2,0,-14,-16,0,-8,0,0,0,-26,-27,-16,-19,-28,-39,-20,-13,-13,-26,-28,10,14,7,12,12,13,105,84,97,117,93,0,1166,0,0,0,0,0,0,0]} 1. e4 c5 2. Nf3 d6 3. d4 cxd4 4. Nxd4 Nf6 5. Nc3 a6 6. Bg5 e6 7. f3 h6 {B95: Sicilian Najdorf: 6 Bg5 e6, unusual White 7th moves} 8. Be3 b5 9. a3 Nbd7 10. Qd2 Bb7 11. O-O-O h5 12. Kb1 Be7 (12... Rc8 13. h3 h4 14. Bd3 Ne5 15. Rhe1 Be7 16. Bg5 Nc4 17. Bxc4 Rxc4 {0-1 (38) Mekhitarian,K (2559)-Topalov,V (2760) Caxias do Sul 2016}) 13. Qe1 Rc8 14. Rg1 $146 ({Predecessor:} 14. Be2 g6 15. Nb3 d5 16. exd5 Nxd5 {½-½ (41) Aryan,C (2430)-Arribas Lopez,A (2536) Madrid 2015}) 14... Qc7 15. g3 Ne5 {[%cal Bd7e5,Be5c4,Bc4e3][%mdl 32]} 16. Rg2 O-O 17. h3 d5 {[%cal Rd5e4]} 18. f4 Nc4 19. e5 $1 {[%cal Re5f6]} Nxe3 20. Qxe3 Ne4 21. Nxe4 dxe4 22. Re2 Bd5 23. Bg2 Qc4 24. Nb3 $1 Bc5 25. Nxc5 Qa2+ (25... Rxc5 $11 {remains equal.} 26. b3 (26. Bxe4 Qa2+ 27. Kc1 Rfc8 $17) 26... Qc3) 26. Kc1 $16 Rfd8 {[#]} 27. c4 $1 {[%cal Rc4d5]} bxc4 {[#] Threatens to win with ...c3!} 28. Red2 ({Of course not} 28. Bxe4 $6 Bxe4 29. Rxd8+ Rxd8 $11) ({White should play} 28. Na4 $1 $16 {[%cal Ra4c3] Hoping for Nc3.} Bc6 29. Rxd8+ Rxd8 30. Nc3 {[%mdl 64] Double Attack} Qa1+ 31. Nb1) 28... Qa1+ $11 29. Kc2 Qa2 {And now ...c3! would win.The position is equal.} 30. Kc1 $1 ({Reject} 30. Bxe4 Rxc5 31. Rxd5 Qb3+ 32. Qxb3 cxb3+ 33. Kxb3 exd5 $17) 30... Qa1+ 31. Kc2 Qa2 {Strongly threatening ...c3!} 32. Kc1 $1 {Accuracy: White = 84%, Black = 67%.} ({Much weaker is} 32. Bxe4 Rxc5 33. Rxd5 Qb3+ 34. Qxb3 cxb3+ 35. Kxb3 exd5 $17) 1/2-1/2

[Event "11th LCC GCT Finals 2019"]
[Site "London"]
[Date "2019.12.02"]
[Round "1.1"]
[White "Aronian, Levon"]
[Black "Ding, Liren"]
[Result "1/2-1/2"]
[WhiteElo "2772"]
[BlackElo "2801"]
[Annotator "TA"]
[PlyCount "56"]
[EventDate "2019.12.02"]
[EventType "k.o."]
[EventCountry "ENG"]

{[%evp 14,56,25,21,22,22,12,7,11,17,16,9,16,7,19,9,14,3,2,5,27,26,27,31,29,18,34,0,0,0,0,0,12,0,0,0,0,0,0,0,0,0,0,0,0]} 1. d4 Nf6 2. c4 e6 3. Nf3 d5 4. Nc3 c5 5. cxd5 Nxd5 6. g3 Nxc3 7. bxc3 cxd4 8. cxd4 Bb4+ {D41: Queen's Gambit Declined: Semi-Tarrasch with 5 cxd5} 9. Bd2 Bxd2+ 10. Qxd2 b6 11. Bg2 Bb7 12. O-O O-O 13. Rfc1 (13. Rfd1 Nd7 14. a4 Rb8 15. Qb4 Nf6 16. Rac1 Qd5 17. Rc7 Qd8 18. Rcc1 Qd5 19. Rc7 Qd8 20. Rcc1 {½-½ (20) Bu,X (2718)-Ma,Q (2629) Hangzhou 2018}) 13... Nd7 14. Qd3 Nf6 $146 ({Predecessor:} 14... Rc8 15. Qa3 a6 16. Rxc8 Qxc8 {½-½ (43) Benjamin,J (2544)-Javakhadze,Z (2459) Indianapolis 2016}) 15. Ne5 Bxg2 16. Kxg2 Qd5+ 17. f3 Rac8 18. e4 Qb7 19. Qa3 h5 20. h4 Rfd8 {The position is equal.} 21. Rxc8 Rxc8 22. Rc1 Rc7 23. Rc3 Qc8 24. Qxa7 Rxc3 25. Qxf7+ Kh7 26. Qg6+ Kg8 (26... Kh8 $5 27. Nf7+ $8 Kg8 28. Nh6+ Kh8 29. Nf7+ Kg8 30. Nh6+ Kh8 31. Nf7+ $11) 27. Qf7+ Kh7 28. Qg6+ Kg8 {Accuracy: White = 64%, Black = 78%.} (28... Kh8 $5 29. Nf7+ $8 Kg8 30. Nh6+ Kh8 31. Nf7+ Kg8 32. Nh6+ Kh8 33. Nf7+ $11) 1/2-1/2

[Event "11th LCC GCT Finals 2019"]
[Site "London"]
[Date "2019.12.03"]
[Round "1.2"]
[White "Ding, Liren"]
[Black "Aronian, Levon"]
[Result "1/2-1/2"]
[WhiteElo "2801"]
[BlackElo "2772"]
[Annotator "TA"]
[PlyCount "56"]
[EventDate "2019.12.02"]
[EventType "k.o."]
[EventCountry "ENG"]
[SourceTitle "playchess.com"]
[Source "ChessBase"]
[SourceQuality "1"]

{[%evp 17,56,19,16,11,7,0,-6,-34,-21,-37,-22,-41,-42,-43,-47,-81,-72,-78,-63,-61,-51,-66,-59,-63,-55,-55,-55,-54,-48,-48,-48,-50,-35,-44,-14,-50,0,-44,0,-39,0]} 1. d4 Nf6 2. c4 e6 3. Nc3 Bb4 4. e3 O-O 5. Nf3 c5 6. Bd3 cxd4 7. exd4 d5 8. cxd5 exd5 9. O-O Bg4 10. h3 {B14: Caro-Kann: Panov-Botvinnik Attack with 5...e6 and 5...g6} (10. Bg5 Bxc3 11. bxc3 Nbd7 12. h3 Bh5 13. c4 dxc4 14. Bxc4 Rc8 15. Rc1 h6 16. Bd2 Nb6 17. Bb3 Bxf3 18. Qxf3 Qxd4 19. Be3 Qe4 20. Qg3 Nh5 {½-½ (33) Kovacevic,A (2564)-Ruck,R (2575) Bol 2013}) 10... Bh5 11. g4 Bg6 12. Ne2 $146 {The position is equal.} ({Predecessor:} 12. Bg5 Bxc3 13. bxc3 Nbd7 14. Ne5 Qc7 15. Nxg6 hxg6 16. Qb3 Nb6 17. Rab1 Rfe8 {0-1 (41) Ahmed,E (2395)-Labib,I (2439) Cairo 2003}) 12... Nc6 13. Bg5 Re8 14. Bxg6 hxg6 15. Rc1 Qd7 16. Bxf6 gxf6 17. Qd3 Re4 18. Ng3 Re7 19. a3 Bd6 20. Rfe1 Rxe1+ 21. Rxe1 Kg7 22. Kg2 Nd8 23. Ne2 Ne6 24. Nd2 Rh8 25. Rh1 Rh4 26. Nf3 Rh8 27. Nd2 $1 Rh4 28. Nf3 Rh8 {Accuracy: White = 58%, Black = 64%.} 1/2-1/2

[Event "11th LCC GCT Finals 2019"]
[Site "London"]
[Date "2019.12.03"]
[Round "1.2"]
[White "Vachier-Lagrave, Maxime"]
[Black "Carlsen, Magnus"]
[Result "1/2-1/2"]
[WhiteElo "2777"]
[BlackElo "2870"]
[Annotator "TA"]
[PlyCount "86"]
[EventDate "2019.12.02"]
[EventType "k.o."]
[EventCountry "ENG"]
[SourceTitle "playchess.com"]
[Source "ChessBase"]
[SourceQuality "1"]

{[%evp 13,86,47,44,48,61,56,58,61,50,49,25,20,12,13,24,18,19,0,0,0,0,-17,-15,-19,0,0,0,0,0,0,2,0,6,7,6,11,8,1,6,6,7,2,7,0,0,0,0,0,0,0,0,0,0,0,0,0,0,0,0,0,0,0,0,0,0,0,0,0,0,0,0,0,0,0,0]} 1. e4 e5 2. Nf3 Nc6 3. Bb5 a6 4. Ba4 Nf6 5. O-O Nxe4 6. d4 Be7 7. Re1 b5 8. Rxe4 {[#] aiming for Bb3. C84: Closed Ruy Lopez: Unusual White 6th moves} d5 9. Nxe5 Nxe5 10. Rxe5 {White is slightly better.} bxa4 11. b3 O-O (11... Be6 12. Ba3 Bxa3 13. Nxa3 O-O 14. Nb1 Qd6 15. Nc3 axb3 16. axb3 {½-½ (43) Nakamura,H (2743)-Caruana,F (2818) Saint Louis 2019}) 12. Ba3 Bxa3 13. Nxa3 Re8 14. Rxe8+ Qxe8 {[#] The position is equal.} 15. Qd2 $146 ({Predecessor:} 15. Nb1 axb3 16. axb3 {½-½ (36) Balogh,C (2630)-Radjabov,T (2715) Warsaw 2013}) 15... Bf5 16. Re1 Qc6 17. c4 axb3 18. axb3 h6 19. cxd5 Qxd5 20. Nc4 Be6 21. Re5 Qd7 22. d5 Rd8 {[%cal Re6d5]} 23. dxe6 Qxd2 24. Nxd2 Rxd2 $11 {[%mdl 4096] Endgame KR-KR} 25. g3 {[#] e7 is the strong threat.} (25. f3 {looks sharper.} fxe6 26. Rxe6 a5 27. Re5 Ra2 28. h4) 25... fxe6 26. Rxe6 Ra2 27. Rc6 Ra3 28. Rxc7 Rxb3 29. Ra7 Ra3 30. g4 h5 31. gxh5 Kh7 32. Kg2 Ra5 33. f4 Ra3 34. Ra8 a5 35. Ra6 a4 36. f5 Rb3 37. Rxa4 Rb5 38. Rf4 Kh6 39. f6 gxf6 40. Rxf6+ Kxh5 41. h4 Rb2+ 42. Rf2 Rxf2+ 43. Kxf2 Kxh4 {Accuracy: White = 58%, Black = 85%.} 1/2-1/2

[Event "11th LCC GCT Finals 2019"]
[Site "London"]
[Date "2019.12.04"]
[Round "1.3"]
[White "Ding, Liren"]
[Black "Aronian, Levon"]
[Result "1-0"]
[WhiteElo "2801"]
[BlackElo "2772"]
[Annotator "TA"]
[PlyCount "70"]
[EventDate "2019.12.02"]
[EventType "k.o."]
[EventCountry "ENG"]
[SourceTitle "playchess.com"]
[Source "ChessBase"]
[SourceQuality "1"]

{[%evp 12,70,22,10,13,15,14,12,25,12,4,12,18,13,23,0,21,16,57,28,55,0,0,0,0,0,25,22,17,22,9,16,17,23,61,67,164,170,124,58,500,497,544,498,537,527,777,792,825,816,964,930,1214,1197,2651,2172,29980,29981,29978,29979,29998]} 1. d4 Nf6 2. c4 e6 3. Nf3 d5 4. Nc3 Be7 5. Bf4 O-O 6. e3 Nbd7 7. Be2 dxc4 {D37: Queen's Gambit Declined: 5 Bf4} 8. O-O a6 (8... c5 9. dxc5 Nxc5 10. Bxc4 Qxd1 11. Rfxd1 b6 12. Bd6 Bxd6 13. Rxd6 Bb7 14. Rad1 Bxf3 15. gxf3 Rfc8 16. Be2 g5 17. R6d4 Kf8 18. f4 gxf4 19. Rxf4 {1-0 (67) Ding,L (2811)-Firouzja,A (2702) Khanty-Mansiysk 2019}) 9. a4 Nd5 {The position is equal.} 10. Bxc4 Nxf4 11. exf4 c5 12. dxc5 Bxc5 $146 ({Predecessor:} 12... Nxc5 13. Ne5 Nd7 14. Qe2 Nxe5 15. fxe5 Bd7 16. Bd3 Bc6 17. Rfd1 Qc7 18. Be4 Rfd8 19. Bxc6 {½-½ (19) Fedorovsky,M (2478)-Feldmann,J (2208) Munich 2017}) 13. Qe2 b6 14. Rad1 Qe7 15. Rfe1 g6 16. Nd5 (16. Nd4 $14) 16... Qd8 $11 17. Ng5 exd5 18. Bxd5 Ra7 {[#] And now ...Qf6 would win.} 19. b4 $1 $36 {[%mdl 2560] White has the initiative.} Bxb4 20. Bxf7+ $1 Rxf7 21. Nxf7 Qf8 {[#]} 22. Nd6 $1 {[%mdl 576] Decoy} Bxd6 23. Qe6+ Kg7 (23... Qf7 $1 $14 24. Qxd6 Nf8) 24. Rxd6 $18 Rc7 25. g3 (25. h4 $16) 25... Qf7 $2 {[%mdl 8192] [#]} (25... b5 $14) 26. Rc6 $1 Rxc6 27. Qxc6 Qf8 {Now ...Nf6 and Black clings on.} 28. Rc1 Nc5 {With the idea ...Qd8.} 29. Qxb6 Ne6 30. Qc6 Nd4 31. Qc7+ ({Weaker is} 31. Qxc8 Ne2+ 32. Kg2 Nxc1 $18) 31... Kh6 32. Qxc8 Qe7 33. Rd1 Nf3+ 34. Kg2 Qe4 35. Kh3 Nd4 {Accuracy: White = 74%, Black = 32%.} 1-0

[Event "11th LCC GCT Finals 2019"]
[Site "London"]
[Date "2019.12.04"]
[Round "1.3"]
[White "Vachier-Lagrave, Maxime"]
[Black "Carlsen, Magnus"]
[Result "1/2-1/2"]
[WhiteElo "2777"]
[BlackElo "2870"]
[Annotator "TA"]
[PlyCount "92"]
[EventDate "2019.12.02"]
[EventType "k.o."]
[EventCountry "ENG"]
[SourceTitle "playchess.com"]
[Source "ChessBase"]
[SourceQuality "1"]

{[%evp 13,92,22,33,41,36,34,28,37,22,13,26,20,22,27,26,12,29,19,37,0,0,0,6,0,0,0,4,-8,-10,-10,-3,-29,-33,-33,-33,-33,-31,-33,-36,-32,-6,-18,-18,-16,-16,-12,-18,-29,-29,-29,-30,-30,-13,-39,-39,-39,-39,-39,-39,-39,-39,-39,-39,-39,-39,-39,-39,-39,-39,-41,-39,-39,-39,-41,-39,-41,0,-41,0,-41,0]} 1. e4 e5 2. Nf3 Nc6 3. Bb5 a6 4. Ba4 Nf6 5. O-O Bc5 6. c3 O-O 7. d4 Ba7 8. dxe5 {C78: Ruy Lopez: Archangelsk and Möller Defences} Nxe4 9. Qd5 Nc5 10. Bc2 {White has an edge.} Ne7 11. Qd1 {Bxh7+! is the strong threat.} d5 12. exd6 Qxd6 13. Qxd6 cxd6 14. Re1 Re8 {[#]} 15. Na3 $146 ({Predecessor:} 15. Be3 Bf5 {½-½ (84) Vachier Lagrave,M (2780)-Fressinet,L (2640) Brest 2019}) 15... Bg4 16. Bf4 Bxf3 17. gxf3 d5 18. Rad1 Ne6 19. Be3 g6 20. Bb3 d4 21. cxd4 {Black should prevent d5.} Nf5 {[%cal Re6d4]} 22. d5 Ned4 23. Bxd4 $1 Rxe1+ 24. Rxe1 Bxd4 25. Nc4 b5 26. Ne3 Nd6 27. Rc1 Bxb2 28. Rc6 Be5 29. Ng4 Bf4 30. Nf6+ Kg7 31. Ne4 Nf5 32. d6 Ra7 33. Bd1 Nd4 34. Rb6 $1 Rd7 35. Rxa6 f5 36. Nc5 Rxd6 37. Rxd6 Bxd6 $15 {[%mdl 4096] Endgame KBN-KBN} 38. Nb3 Ne6 39. Be2 b4 40. Bc4 Nf4 41. Nc1 Kf6 42. Nd3 Nxd3 43. Bxd3 Bf4 44. Bc4 Bd6 45. Bd3 Bf4 46. Bc4 Bd6 {Accuracy: White = 75%, Black = 64%.} 1/2-1/2

[Event "11th LCC GCT Finals 2019"]
[Site "London"]
[Date "2019.12.04"]
[Round "1.4"]
[White "Carlsen, Magnus"]
[Black "Vachier-Lagrave, Maxime"]
[Result "1/2-1/2"]
[WhiteElo "2870"]
[BlackElo "2777"]
[Annotator "TA"]
[PlyCount "118"]
[EventDate "2019.12.02"]
[EventType "k.o."]
[EventCountry "ENG"]
[SourceTitle "playchess.com"]
[Source "ChessBase"]
[SourceQuality "1"]

{[%evp 22,118,0,0,40,24,71,49,46,0,0,0,6,0,0,0,0,0,0,0,23,25,28,23,26,28,47,28,28,28,28,28,29,28,28,28,28,29,29,17,17,17,17,16,19,16,22,16,16,16,16,16,16,16,16,14,16,14,16,16,16,16,16,16,16,16,16,16,17,16,16,20,13,14,16,21,69,69,69,69,69,69,69,69,69,69,69,69,69,69,69,69,69,69,69,8,8,8,8]} 1. d4 Nf6 2. c4 g6 3. Nc3 d5 4. cxd5 Nxd5 5. e4 Nxc3 6. bxc3 Bg7 7. Bc4 c5 8. Ne2 O-O 9. Be3 Nc6 10. h4 cxd4 11. cxd4 Qa5+ 12. Kf1 Bd7 {D87: Exchange Grünfeld: Classical Line: Variations without ...cxd4} (12... Qa3 13. h5 Na5 14. Bd3 Be6 15. Kg1 Nc4 16. Bc1 Nb2 17. Bxb2 Qxb2 18. h6 Bh8 19. e5 Rad8 20. Rb1 {0-1 (74) Ivanisevic,I (2650)-Piorun,K (2681) Belgrade 2016}) 13. h5 Rac8 14. hxg6 hxg6 {White is slightly better.} 15. Bb3 $146 ({Predecessor:} 15. Rb1 Nb4 16. Bb3 Bb5 17. Bd2 Bxe2+ 18. Qxe2 e6 19. Kg1 Qa3 20. Qg4 {1-0 (39) Suttor,V (2139)-De Noskowski,A (1959) Canberra 2008}) 15... Qa6 16. Kg1 Na5 17. Nf4 Rfe8 18. e5 {[#] Hoping for e6!} Bf5 19. Kh2 Nxb3 20. axb3 Qc6 21. Rxa7 Red8 22. Qf3 Qxf3 23. gxf3 f6 24. Rxb7 fxe5 25. dxe5 Bxe5 26. Rxe7 Re8 27. Rxe8+ Rxe8 28. Kg2 Rb8 29. Nd5 Rxb3 30. Bf4 Bxf4 31. Nxf4 $11 {[%mdl 4096] Endgame KRB-KRN} Kg7 32. Nd5 Rb5 33. Rd1 Be6 34. Ne3 Rg5+ 35. Kh2 Kf6 36. Rd6 Ke7 37. Rb6 Kf7 38. f4 Rc5 39. Kg3 g5 40. fxg5 Rxg5+ 41. Kf4 Ra5 42. f3 Ra4+ 43. Kg3 Ra3 44. Nc2 Ra4 45. Nb4 Ra3 46. Nc6 {[#] Black must now prevent Nd8+.} Bd5 47. Ne5+ Ke7 48. Kg4 Bxf3+ 49. Nxf3 {KRN-KR} Ra5 50. Kf4 Ra1 51. Nd4 Rf1+ 52. Ke5 Re1+ 53. Kd5 Rd1 54. Re6+ Kf7 55. Re4 Kf6 56. Kd6 Rf1 57. Re6+ Kf7 58. Rh6 (58. Re2 $14) 58... Rf6+ 59. Rxf6+ Kxf6 {Accuracy: White = 64%, Black = 80%.} 1/2-1/2

[Event "11th LCC GCT Finals 2019"]
[Site "London"]
[Date "2019.12.04"]
[Round "1.4"]
[White "Aronian, Levon"]
[Black "Ding, Liren"]
[Result "0-1"]
[WhiteElo "2772"]
[BlackElo "2801"]
[Annotator "TA"]
[PlyCount "78"]
[EventDate "2019.12.02"]
[EventType "k.o."]
[EventCountry "ENG"]
[SourceTitle "playchess.com"]
[Source "ChessBase"]
[SourceQuality "1"]

{[%evp 10,78,0,0,-7,-10,-9,-12,-1,-24,0,-16,-16,-16,-21,-30,-18,-40,0,-14,0,0,3,-7,-2,-79,-7,-64,-55,-118,-83,-108,-77,-108,-91,-103,-57,-67,-65,-293,-270,-273,-257,-305,-254,-279,-232,-376,0,0,49,-1568,-1480,-1733,-1735,-1735,-748,-1660,-1635,-2082,-2014,-1836,-1545,-29981,-29982,-29987,-29988,-29988,-29989,-29989,-29988]} 1. c4 Nf6 2. Nc3 e5 3. Nf3 Nc6 4. d3 d5 5. cxd5 Nxd5 6. e3 Be7 {A28: English Opening: Four Knights Variation} 7. Be2 O-O 8. Bd2 (8. O-O Be6 9. Bd2 Qd7 10. a3 a5 11. Rc1 Rfd8 12. Ne4 f6 13. Nc5 Bxc5 14. Rxc5 a4 15. Qb1 Nde7 16. h3 Bf5 17. e4 {1-0 (49) Carlsen,M (2882)-Ding,L (2805) Saint Louis 2019}) 8... Be6 {The position is equal.} 9. a3 a5 10. Qc2 Nb6 11. b3 f5 12. Bc1 $146 ({Predecessor:} 12. O-O g5 13. Bc1 g4 14. Nd2 {0-1 (39) Jakobsen,O (2345)-Edvardsson,K (2205) Copenhagen 1998}) 12... Bf6 13. Bb2 g5 14. Nd2 Bg7 15. h3 Qe7 16. g4 f4 {Black wants to play ...fxe3.} 17. Nde4 (17. Rc1 $11 {remains equal.}) 17... Nd5 (17... h6 $17) 18. O-O-O (18. Nxd5 $11 Bxd5 19. Bf3) 18... a4 19. b4 {[#]} (19. Nxd5 $15 Bxd5 20. bxa4) 19... Ndxb4 $1 $17 {[%mdl 512]} 20. axb4 a3 $36 {[%mdl 2048] Black is in control.} 21. Ba1 Nxb4 22. Qb1 f3 23. Bf1 Ra6 {...a2 is the strong threat.} 24. Nxg5 $2 (24. Kd2 $1 $15) 24... a2 $19 25. Qb2 Rb6 $1 26. Nxe6 Qxe6 27. Qa3 Rd8 28. Rd2 {[#]} (28. Qa4 $142 Bf8 29. Kd2) 28... c5 $2 ({Black should play} 28... Bf8 $1 $19 {aiming for ...Nxd3+!} 29. Qa4 Ra6) 29. Ne4 $11 {Strongly threatening Rg1.} Bf8 30. Qc3 $2 {[%mdl 8192] [#]} (30. Qa4 $14) 30... Nd5 $1 $19 31. Qc2 Rb1+ 32. Qxb1 axb1=Q+ 33. Kxb1 Nb4 34. g5 Qb3+ {[%mdl 64] Double Attack} 35. Bb2 Ra8 {( -> ...Ra1+!)} 36. Nc3 {[#]} e4 $1 {[%mdl 512] Black mates.} 37. g6 (37. Nxe4 Ra1+) 37... Bg7 38. d4 cxd4 39. exd4 {[#]} Bh6 {Played: Bg7xd4} 0-1

[Event "11th LCC GCT Finals 2019"]
[Site "London"]
[Date "2019.12.04"]
[Round "1.5"]
[White "Ding, Liren"]
[Black "Aronian, Levon"]
[Result "1/2-1/2"]
[WhiteElo "2801"]
[BlackElo "2772"]
[Annotator "TA"]
[PlyCount "97"]
[EventDate "2019.12.02"]
[EventType "k.o."]
[EventCountry "ENG"]
[SourceTitle "playchess.com"]
[Source "ChessBase"]
[SourceQuality "1"]

{[%evp 12,97,87,85,110,106,106,82,88,91,104,110,110,110,118,109,107,111,122,75,91,77,100,81,81,81,81,90,83,68,67,72,81,87,89,92,125,125,126,119,118,117,138,138,140,140,156,150,158,158,312,232,200,154,169,170,171,181,170,163,138,147,169,135,256,241,267,265,264,262,233,154,160,85,85,85,85,85,85,85,85,85,85,85,85,0,85,0]} 1. d4 Nf6 2. c4 c5 3. d5 e5 4. Nc3 d6 5. e4 Nbd7 6. Bd3 Be7 7. Nge2 g6 {A56: Czech Benoni} 8. h4 a6 9. a4 $146 (9. Bg5 h6 10. Bd2 Kf8 11. f3 Kg7 12. Be3 h5 13. Qd2 Ne8 14. g3 Ndf6 15. a3 {1-0 (81) Vallejo Pons,F (2695)-Aronian,L (2765) St Petersburg 2018}) 9... b6 10. g3 Rb8 11. f3 Rb7 (11... Nh5 12. Bh6 Bf8 13. Be3 Be7 14. Kd2 Ng7 15. Bh6 {1-0 (36) Ding,L (2801)-Aronian,L (2772) Kolkata 2019}) 12. Bh6 Bf8 13. Be3 h5 14. Qd2 Bg7 15. Kd1 Kf8 16. Kc2 Ne8 17. Nd1 Nc7 18. Nec3 Nf6 19. Nf2 Bd7 20. b3 {[%cal Bb2b3,Bb3b4,Bb4b5][%mdl 32]} Kg8 21. Rhb1 Kh7 22. b4 Qb8 23. b5 a5 24. Rh1 Qf8 25. Nh3 Kg8 26. Ng5 Nfe8 27. f4 Nf6 28. f5 gxf5 29. exf5 Nce8 30. Raf1 Ng4 $2 (30... Bh6 $16 31. Be2 Qe7) 31. Nce4 Nef6 32. Be2 Nxe4 33. Nxe4 {[#] Bxg4 is the strong threat.} Nxe3+ 34. Qxe3 f6 35. Qd3 Be8 36. Qd1 Rd7 37. Rh2 Qf7 (37... Rh7 $16 {keeps fighting.} 38. Rg2 Bh8) 38. Rg1 Kf8 39. g4 hxg4 40. Rxg4 Ke7 41. h5 Kd8 42. Rg6 (42. Qg1 $142) 42... Qe7 43. Bg4 Qf8 44. Qf3 Rh6 45. Rf2 Kc7 46. Kd3 Re7 47. Rf1 Rd7 48. Rf2 Re7 49. Rf1 {Accuracy: White = 76%, Black = 60%.} ({White should try} 49. Qh3 $16) 1/2-1/2

[Event "11th LCC GCT Finals 2019"]
[Site "London"]
[Date "2019.12.04"]
[Round "1.5"]
[White "Vachier-Lagrave, Maxime"]
[Black "Carlsen, Magnus"]
[Result "1/2-1/2"]
[WhiteElo "2777"]
[BlackElo "2870"]
[Annotator "TA"]
[PlyCount "91"]
[EventDate "2019.12.02"]
[EventType "k.o."]
[EventCountry "ENG"]
[SourceTitle "playchess.com"]
[Source "ChessBase"]
[SourceQuality "1"]

{[%evp 13,91,48,44,47,54,58,47,61,54,46,70,0,0,0,25,24,31,25,14,25,18,9,22,18,24,27,17,25,82,79,75,53,54,80,112,79,79,52,91,52,97,66,114,70,135,144,134,87,84,0,0,0,16,16,16,0,0,0,0,0,0,0,0,0,0,0,0,0,0,0,0,0,0,0,0,0,0,0,0,0]} 1. e4 e5 2. Nf3 Nc6 3. Bb5 a6 4. Ba4 Nf6 5. O-O Nxe4 6. d4 Be7 7. Re1 b5 8. Rxe4 {C84: Closed Ruy Lopez: Unusual White 6th moves} d5 9. Nxe5 Nxe5 10. Rxe5 {White is slightly better.} bxa4 11. Qe2 (11. b3 Be6 12. Ba3 Bxa3 13. Nxa3 O-O 14. Nb1 Qd6 15. Nc3 axb3 16. axb3 {½-½ (43) Nakamura,H (2743)-Caruana,F (2818) Saint Louis 2019}) 11... c6 12. Bd2 $146 ({Better is} 12. Nc3 $14) ({Predecessor:} 12. Nc3 Ra7 13. Nxa4 O-O 14. Bd2 Bd6 15. f4 Bxe5 16. fxe5 {½-½ (65) Saric,I (2695)-Ragger,M (2687) St Petersburg 2018}) 12... Be6 $1 $11 13. f4 g6 14. Nc3 a3 ({Reject} 14... Qb6 15. Qe3 $16) 15. b3 $36 {[%mdl 2048] White has some pressure.} Bd6 16. f5 gxf5 17. Rf1 Bxe5 18. Qxe5 Rg8 19. Na4 Qb8 {With the idea ...Qxe5.} 20. Qe3 Rg4 (20... Rg6 $11 {keeps the balance.}) 21. Nc5 $16 Re4 22. Nxe4 fxe4 23. Qh6 Qa7 24. Qg7 (24. c3 {is more complex.} Qe7 25. Bg5 Qf8 26. Qxh7 Kd7 27. Qh5) 24... O-O-O 25. Bb4 Re8 26. Bxa3 h5 27. Bc5 Qd7 28. Qg5 e3 (28... Rh8 $14) 29. Qxe3 Bf5 30. Qf2 Bg6 31. c4 ({White should try} 31. Bb4 $16) 31... Bd3 $11 {The position is equal.} 32. Re1 ({Avoid the trap} 32. Qxf7 $2 Qxf7 33. Rxf7 Re1+ 34. Kf2 Rf1+ 35. Ke3 Rxf7 $19) 32... Rxe1+ 33. Qxe1 {Strongly threatening cxd5.} dxc4 34. bxc4 (34. h4 {seems wilder.} Qe6 35. Qxe6+ fxe6 36. bxc4 Bxc4 37. a3) 34... Bxc4 35. h3 (35. a4 {feels hotter.} Qf5 36. a5 Qf6 37. h3 Kd7 38. Qe3) 35... Qe6 36. Qxe6+ Bxe6 {[%mdl 4096] Endgame KB-KB} 37. a3 Bd5 38. Kf2 Kd7 39. g3 Be6 40. h4 Bg4 41. Ke3 Ke6 42. Kf4 Kd5 43. Ke3 Ke6 44. Kf4 Kd5 45. Ke3 Ke6 46. Kf4 {Accuracy: White = 60%, Black = 58%.} 1/2-1/2